<?xml version="1.0" encoding="UTF-8"?>
<record
    xmlns:xsi="http://www.w3.org/2001/XMLSchema-instance"
    xsi:schemaLocation="http://www.loc.gov/MARC21/slim http://www.loc.gov/standards/marcxml/schema/MARC21slim.xsd"
    xmlns="http://www.loc.gov/MARC21/slim">

  <leader>03452cam a2200433 a 4500</leader>
  <controlfield tag="001">15679848</controlfield>
  <controlfield tag="003">EG-ScBUE</controlfield>
  <controlfield tag="005">20220912105941.0</controlfield>
  <controlfield tag="008">090330t2009    ctuab  f b    101 0 eng d</controlfield>
  <datafield tag="020" ind1=" " ind2=" ">
    <subfield code="a">0300158998 (cloth : alk. paper)</subfield>
  </datafield>
  <datafield tag="020" ind1=" " ind2=" ">
    <subfield code="a">9780300158991 (cloth : alk. paper)</subfield>
  </datafield>
  <datafield tag="035" ind1=" " ind2=" ">
    <subfield code="a">(OCoLC)ocn317471939</subfield>
  </datafield>
  <datafield tag="040" ind1=" " ind2=" ">
    <subfield code="a">DLC</subfield>
    <subfield code="b">eng</subfield>
    <subfield code="e">rda</subfield>
    <subfield code="c">DLC</subfield>
    <subfield code="d">BTCTA</subfield>
    <subfield code="d">UKM</subfield>
    <subfield code="d">YDXCP</subfield>
    <subfield code="d">C#P</subfield>
    <subfield code="d">BWX</subfield>
    <subfield code="d">OCLCA</subfield>
    <subfield code="d">UPP</subfield>
    <subfield code="d">DLC</subfield>
    <subfield code="d">EG-ScBUE</subfield>
  </datafield>
  <datafield tag="041" ind1="0" ind2=" ">
    <subfield code="a">eng</subfield>
    <subfield code="f">ara</subfield>
  </datafield>
  <datafield tag="043" ind1=" " ind2=" ">
    <subfield code="a">f------</subfield>
    <subfield code="a">a------</subfield>
  </datafield>
  <datafield tag="082" ind1="0" ind2="4">
    <subfield code="a">700.91767</subfield>
    <subfield code="2">22</subfield>
    <subfield code="b">RIV</subfield>
  </datafield>
  <datafield tag="245" ind1="0" ind2="0">
    <subfield code="a">Rivers of Paradise :</subfield>
    <subfield code="b">water in Islamic art and culture /</subfield>
    <subfield code="c">edited by Sheila Blair and Jonathan Bloom.</subfield>
  </datafield>
  <datafield tag="246" ind1="3" ind2="0">
    <subfield code="a">Water in Islamic art and culture</subfield>
  </datafield>
  <datafield tag="264" ind1=" " ind2="1">
    <subfield code="a">New Haven :</subfield>
    <subfield code="b">Yale University Press ;</subfield>
    <subfield code="a">[Doha, Qatar] :</subfield>
    <subfield code="b">In association with Qatar Foundation ;</subfield>
    <subfield code="a">[Richmond, Va.] :</subfield>
    <subfield code="b">Virginia Commonwealth University ;</subfield>
    <subfield code="a">[Doha, Qatar] :</subfield>
    <subfield code="b">Virginia Commonwealth University School of the Arts in Qatar,</subfield>
    <subfield code="c">[2009]</subfield>
  </datafield>
  <datafield tag="264" ind1=" " ind2="1">
    <subfield code="c">c2009</subfield>
  </datafield>
  <datafield tag="300" ind1=" " ind2=" ">
    <subfield code="a">364 pages :</subfield>
    <subfield code="b">illustrations (chiefly color), maps (chiefly color) ;</subfield>
    <subfield code="c">30 cm</subfield>
  </datafield>
  <datafield tag="336" ind1=" " ind2=" ">
    <subfield code="2">rdacontent</subfield>
    <subfield code="a">text</subfield>
    <subfield code="b">txt</subfield>
  </datafield>
  <datafield tag="337" ind1=" " ind2=" ">
    <subfield code="2">rdamedia</subfield>
    <subfield code="a">unmediated</subfield>
    <subfield code="b">n</subfield>
  </datafield>
  <datafield tag="338" ind1=" " ind2=" ">
    <subfield code="2">rdacarrier</subfield>
    <subfield code="a">volume</subfield>
    <subfield code="b">nc</subfield>
  </datafield>
  <datafield tag="500" ind1=" " ind2=" ">
    <subfield code="a">"The following essays are the written record of the second biennial Hamad bin Khalifa Symposium on Islamic Art and Culture, held at Virginia Commonwealth University's School of the Arts in Doha, Qatar (VCUQatar), from 4 to 6 November 2007"--Introd.</subfield>
  </datafield>
  <datafield tag="504" ind1=" " ind2=" ">
    <subfield code="a">Includes bibliographical references and index.</subfield>
  </datafield>
  <datafield tag="505" ind1="0" ind2=" ">
    <subfield code="a">Foreword / Richard E. Toscan -- Introduction / Sheila Blair and Jonathan Bloom -- Gardens beneath which rivers flow : the significance of water in classical Islamic culture / Carole Hillenbrand -- Control and abandon : images of water in Arabic poetry and gardens / Yasser Tabbaa -- From the heavens and hills : the flow of water to the fruited trees and ablution fountains in the Great Mosque of C&#xFFFD;ordoba / D. Fairchild Ruggles -- Sip, dip, and pour : toward a typology of water vessels in Islamic art / Linda Komaroff -- Stones to bring rain? : magical inscriptions in linear Kufic on rock crystal amulet-seals / Venetia Porter -- Charity and piety : Sabil-Kuttabs and the conception of water during the Mamluk period / Howayda al-Harithy -- Art, infrastructure, and devotion : Ottoman water architecture / Walter Denny -- Water on the ground : water systems in two Ottoman Greek port cities / Marcus Milwright and Evanthia Baboula -- Drinking-water as message : the sabil of Muhammad 'ali Pasha in Cairo / Agnieszka Dobrowolska -- Far from the desert : water traditions in the South Asian landscape / Catherine B. Asher -- Paradise flooded : water and architecture in Bangladesh / Perween Hasan -- Landscape and hardscape : historical problems and contemporary solutions to the scarcity of water in the Islamic world / Mohammad al-Asad.</subfield>
  </datafield>
  <datafield tag="650" ind1=" " ind2="7">
    <subfield code="a">Water in art</subfield>
    <subfield code="v">Congresses.</subfield>
    <subfield code="9">23014</subfield>
    <subfield code="2">BUEsh</subfield>
  </datafield>
  <datafield tag="650" ind1=" " ind2="7">
    <subfield code="a">Islamic arts</subfield>
    <subfield code="v">Congresses.</subfield>
    <subfield code="9">23015</subfield>
    <subfield code="2">BUEsh</subfield>
  </datafield>
  <datafield tag="650" ind1=" " ind2="7">
    <subfield code="a">Water and architecture</subfield>
    <subfield code="z">Islamic countries</subfield>
    <subfield code="v">Congresses.</subfield>
    <subfield code="9">23016</subfield>
    <subfield code="2">BUEsh</subfield>
  </datafield>
  <datafield tag="650" ind1=" " ind2="7">
    <subfield code="a">Water and civilization</subfield>
    <subfield code="v">Congresses.</subfield>
    <subfield code="9">23017</subfield>
    <subfield code="2">BUEsh</subfield>
  </datafield>
  <datafield tag="651" ind1=" " ind2=" ">
    <subfield code="2">BUEsh</subfield>
  </datafield>
  <datafield tag="653" ind1=" " ind2=" ">
    <subfield code="c">April2011</subfield>
    <subfield code="b">ENGARC</subfield>
  </datafield>
  <datafield tag="655" ind1=" " ind2=" ">
    <subfield code="v">Reading book</subfield>
    <subfield code="9">34232</subfield>
  </datafield>
  <datafield tag="700" ind1="1" ind2=" ">
    <subfield code="a">Blair, Sheila,</subfield>
    <subfield code="e">editor.</subfield>
    <subfield code="9">23018</subfield>
  </datafield>
  <datafield tag="700" ind1="1" ind2=" ">
    <subfield code="a">Bloom, Jonathan</subfield>
    <subfield code="q">(Jonathan M.)</subfield>
    <subfield code="e">editor.</subfield>
    <subfield code="9">23019</subfield>
  </datafield>
  <datafield tag="942" ind1=" " ind2=" ">
    <subfield code="2">ddc</subfield>
    <subfield code="c">BB</subfield>
  </datafield>
  <datafield tag="999" ind1=" " ind2=" ">
    <subfield code="c">15103</subfield>
    <subfield code="d">15103</subfield>
  </datafield>
  <datafield tag="952" ind1=" " ind2=" ">
    <subfield code="0">0</subfield>
    <subfield code="1">0</subfield>
    <subfield code="2">ddc</subfield>
    <subfield code="4">0</subfield>
    <subfield code="7">0</subfield>
    <subfield code="8">Diwan</subfield>
    <subfield code="a">MAIN</subfield>
    <subfield code="b">MAIN</subfield>
    <subfield code="c">2ND</subfield>
    <subfield code="d">2011-04-14</subfield>
    <subfield code="e">purchase</subfield>
    <subfield code="g">390.00</subfield>
    <subfield code="h">124070</subfield>
    <subfield code="l">6</subfield>
    <subfield code="m">8</subfield>
    <subfield code="o">700.91767 RIV</subfield>
    <subfield code="p">000023233</subfield>
    <subfield code="r">2025-07-15 00:00:00</subfield>
    <subfield code="s">2019-05-04</subfield>
    <subfield code="w">2011-04-14</subfield>
    <subfield code="y">BB</subfield>
  </datafield>
</record>
